000 00544nam a2200205Ia 4500
003 OSt
005 20221007112549.0
006 a|||||r|||| 00| 0
007 ta
008 221006b |||||||| |||| 00| 0 eng d
024 _a28,779
037 _cBound Volume
040 _aLCO
_cLCO
_beng
041 _2eng
_aeng
245 0 _aALL India REPORTER SUPREME COURT
260 _aNagpur
_bAll India Reporter Ltd. India
_c1950
490 _vUNACC, 6897 55 -1968
942 _cCR
999 _c1198342
_d1198342